000 00710nam a2200289Ia 4500
005 20260324120648.0
008 008 260324s9999 xx 000 0 eng d
020 _a9781315762111
037 _aEBOOK
040 _aCRL
040 _beng
040 _cCRL
041 _2eng
041 _aeng
084 _qCRL
100 _aMichael Dillon
_9998202
245 0 _aXinjiang and the Expansion of Chinese Communist Power
245 0 _bKashgar in the Early Twentieth Century
260 _bTaylor and Francis
260 _c2014
365 _a
365 _b280
856 _uhttp://www.taylorfrancis.com/books/9781315762111
942 _cEBOOK
999 _c1751119
_d1751119